| 000 | 00355nam a2200145Ia 4500 | ||
|---|---|---|---|
| 008 | 230917s9999||||xx |||||||||||||| ||und|| | ||
| 040 |
_e91319 _aMAIN |
||
| 041 | _aEnglish | ||
| 082 | _a380.5 H397B | ||
| 100 | _aHensher, David A, ed | ||
| 245 | 0 | _aBehavioural travel modelling | |
| 260 |
_aLondon _bCroom Helm _c1979 |
||
| 300 | _a860 p. | ||
| 942 | _cBK | ||
| 999 |
_c217405 _d217405 |
||